Lead tenancy schemes in Scotland (Record no. 109593)

MARC details
000 -LEADER
fixed length control field 01364cad a22002535a 4500
001 - CONTROL NUMBER
control field L147510
008 - FIXED-LENGTH DATA ELEMENTS--GENERAL INFORMATION
fixed length control field 090519s2004 xxk f s s000 0 eng d
020 ## - INTERNATIONAL STANDARD BOOK NUMBER
International Standard Book Number 0755937910
022 1# - INTERNATIONAL STANDARD SERIAL NUMBER
International Standard Serial Number 0950-2254
035 ## - SYSTEM CONTROL NUMBER
System control number (Sirsi) u147510
041 0# - LANGUAGE CODE
Language code of text/sound track or separate title eng
050 04 - LIBRARY OF CONGRESS CALL NUMBER
Classification number 306.1 $2 18
100 1# - MAIN ENTRY--PERSONAL NAME
Personal name Rugg, Julie
245 04 - TITLE STATEMENT
Title Lead tenancy schemes in Scotland
Medium [electronic resource]
260 ## - PUBLICATION, DISTRIBUTION, ETC.
Place of publication, distribution, etc. Edinburgh
Name of publisher, distributor, etc. Scottish Executive Social Research
Date of publication, distribution, etc. 2004
505 2# - FORMATTED CONTENTS NOTE
Formatted contents note Executive summary -- Chapter one: introduction -- Chapter two: the rationale for lead tenancy schemes -- Chapter three: lead tenancy schems in operation -- Chapter four: an evaluation of lead tenency schemes -- Chapter five: conclusion -- Bibliography
520 ## - SUMMARY, ETC.
Summary, etc. Discusses and evaluates the success of the Lead Tenancy Scheme (LTS), which was introduced in 1992. The aim of the LTS was to provide grants to help to pay for the refurbishment of empty properties in private ownership, which would then be leased to a Registered Social Landlord to house homeless households.
521 ## - TARGET AUDIENCE NOTE
Target audience note Advanced
651 #4 - SUBJECT ADDED ENTRY--GEOGRAPHIC NAME
Geographic name Scotland
Chronological subdivision 1999-
690 ## - LOCAL SUBJECT ADDED ENTRY--TOPICAL TERM (OCLC, RLIN)
Topical term or geographic name as entry element PROPERTY-RESIDENTIAL PROPERTY-RESIDENTIAL LANDLORD AND TENANT-RESIDENTIAL TENANCIES
700 1# - ADDED ENTRY--PERSONAL NAME
Personal name Rhodes, David
856 40 - ELECTRONIC LOCATION AND ACCESS
Uniform Resource Identifier <a href="https://www.scotland.gov.uk/Publications/2004/09/19905/42693">https://www.scotland.gov.uk/Publications/2004/09/19905/42693</a>
Public note View the report free of charge at www.scotland.gov.uk...
942 ## - ADDED ENTRY ELEMENTS (KOHA)
Suppress in OPAC 0
Holdings
Withdrawn status Lost status Source of classification or shelving scheme Damaged status Not for loan Home library Current library Shelving location Date acquired Total Checkouts Full call number Barcode Date last seen Copy number Price effective from Koha item type
    Dewey Decimal Classification     Virtual Virtual Online 19/05/2009   ONLINE PUBLICATION 147510-2001 06/08/2019 1 06/08/2019 Book